Aesthetics and politics
Αποθηκεύτηκε σε:
| Άλλοι συγγραφείς: | |
|---|---|
| Μορφή: | Βιβλίο |
| Γλώσσα: | English German |
| Δημοσίευση: |
London ; New York :
Verso,
2010.
|
| Σειρά: | Radical thinkers
|
| Θέματα: | |
| Ετικέτες: |
Προσθήκη ετικέτας
Δεν υπάρχουν, Καταχωρήστε ετικέτα πρώτοι!
|
MARC
| LEADER | 00000cam a2200000 a 4500 | ||
|---|---|---|---|
| 001 | 1/106741 | ||
| 008 | 150605r20071977xxk| ||| |||| ||eng|| | ||
| 020 | |a 9781844675708 | ||
| 020 | |a 184467570X | ||
| 040 | |a GR-MyUa |b gre |c GR-MyUa |e AACR2 | ||
| 041 | 1 | |a eng |h ger | |
| 082 | 7 | |a 111.85 |2 (23) | |
| 245 | 0 | 0 | |a Aesthetics and politics / |c Theodor Adorno ... [κ. α.] ; with an afterword by Fredric Jameson. |
| 260 | |a London ; |a New York : |b Verso, |c 2010. | ||
| 300 | |a 246 σ. ; |c 21 εκ. | ||
| 490 | 1 | |a (Radical thinkers) | |
| 500 | |a Μετάφραση από τα γερμανικά. | ||
| 504 | |a Περιλαμβάνει βιβλιογραφία και ευρετήριο. | ||
| 505 | 8 | |a Κείμενα των: Theodor Adorno, Walter Benjamin, Ernst Bloch, Bertolt Brecht, Georg Lukacs. | |
| 650 | 0 | |a Aesthetics. | |
| 650 | 0 | |a Communism and philosophy. | |
| 650 | 0 | |a Dialectical materialism. | |
| 650 | 0 | |a Socialism and art. | |
| 700 | 1 | |a Adorno, Theodor W., |d 1903-1969. | |
| 830 | 0 | |a Radical thinkers | |
| 852 | |a INST |b LESVOS |e 20150605 |h 111.85 AES |p 005100056896 |q 005100056896 |t BK |y 0 | ||
| 970 | |a Τζαφέρη |b Ευαγγελία |z 05-06-2015 | ||